Statistics for Jugoslovenski golmani

Click here to take the quiz!

General Stats

  • This quiz has been taken 94 times
  • The average score is 15 of 35

Answer Stats

HintAnswer% Correct
Evropsko prvenstvo 2000.22Ivica Kralj
81%
Svetsko prvenstvo 1998.1Ivica Kralj
81%
Svetsko prvenstvo 1954.12Branko Kralj
78%
Svetsko prvenstvo 1930.1Milovan Jakšić
78%
Evropsko prvenstvo 1984.12Tomislav Ivković
61%
Svetsko prvenstvo 1990.1Tomislav Ivković
61%
Svetsko prvenstvo 1954.1Vladimir Beara
61%
Svetsko prvenstvo 1958.1Vladimir Beara
61%
Svetsko prvenstvo 1950.1Vladimir Beara
61%
Evropsko prvenstvo 1960.1Milutin Šoškić
58%
Svetsko prvenstvo 1962.1Milutin Šoškić
58%
Svetsko prvenstvo 1990.12Fahrudin Omerović
53%
Svetsko prvenstvo 1982.1Dragan Pantelić
49%
Evropsko prvenstvo 1968.1Ilija Pantelić
49%
Svetsko prvenstvo 1930.12Milan Stojanović
46%
Svetsko prvenstvo 1962.19Mirko Stojanović
46%
Evropsko prvenstvo 1976.12Enver Marić
44%
Svetsko prvenstvo 1974.1Enver Marić
44%
Svetsko prvenstvo 1998.12Dragoje Leković
42%
Svetsko prvenstvo 1990.22Dragoje Leković
42%
Evropsko prvenstvo 2000.1Milorad Korać
42%
Evropsko prvenstvo 1984.1Zoran Simović
42%
Evropsko prvenstvo 2000.12Željko Cicović
39%
Svetsko prvenstvo 1982.22Ratko Svilar
34%
Svetsko prvenstvo 1982.12Ivan Pudar
31%
Evropsko prvenstvo 1968.13Ratomir Dujković
27%
Svetsko prvenstvo 1974.12Ognjen Petrović
25%
Evropsko prvenstvo 1976.1Ognjen Petrović
25%
Svetsko prvenstvo 1950.12Srđan Mrkušić
24%
Svetsko prvenstvo 1962.12Srboljub Krivokuća
22%
Svetsko prvenstvo 1958.2Srboljub Krivokuća
22%
Svetsko prvenstvo 1958.20Gordan Irović
10%
Svetsko prvenstvo 1974.22Rizah Mešković
7%
Evropsko prvenstvo 1960.12Blagoje Vidinić
5%
Evropsko prvenstvo 1968.12Radomir Vukčević
5%

Score Distribution

Percentile by Number Answered

Percent of People with Each Score

Your Score History

You have not taken this quiz